Score 0/15 Timer 02:00
0 Plays Today
Clue 4-Letter Word % Correct
*What Michael Phelps does best*SWIM
98.9%
Bird's mouthBEAK
95.2%
Close a door roughlySLAM
94.9%
SlenderSLIM
94.8%
Place where fabric is joinedSEAM
91.5%
A clenched handFIST
90.7%
Length of wood used as supportBEAM
90.5%
Be at someone's _____ and callBECK
88.7%
Clue 4-Letter Word % Correct
*A swimming stroke (short form)*BACK
83.9%
*Is Michael Phelps part this?*FISH
83.5%
DesireWISH
79.4%
CleanWASH
79.3%
Relax, especially in the sunshineBASK
74.4%
ClobberBASH
72.2%
*How does Michael Phelps [first rung]*FAST
72.2%

Today's Daily Dose

Missing Word
'T' Pairs

Word Ladder
Game Pieces

Get the Picture
Baseball Movies

Remove Ads.
Support Sporcle.
Get the best of Sporcle when you Go Orange. This ad-free experience offers more features, more stats, and more fun while also helping to support Sporcle. Thank you for becoming a member.

You're not logged in!

Compare scores with friends on all Sporcle quizzes.
OR
Log In

Show Comments

Extras

Top Quizzes Today


Score Distribution

Your Account Isn't Verified!

In order to create a playlist on Sporcle, you need to verify the email address you used during registration. Go to your Sporcle Settings to finish the process.

Report this User

Report this user for behavior that violates our Community Guidelines.

Details: